Equipe d'Algérie (2025) - Statistiques

Statistiques générales
  • Ce quiz a été pris 117 fois
  • Le résultat moyen est 21 sur 28
Statistiques - réponses
Poste Joueur Club Numéro % Correct
M Ibrahim Maza Bayer Leverkusen 22
94%
G Luca Zidane Grenade CF 23
94%
A Riyad Mahrez Al-Ahli FC 7
94%
A Anis Hadj Moussa Feyenoord Rotterdam 11
88%
D Rayan Aït Nouri Manchester City 15
88%
A Baghdad Bounedjah Al-Shamal SC 9
85%
D Ramy Bensebaini Borussia Dortmund 21
85%
A Adil Boulbina Al-Duhail SC 27
84%
M Farès Chaïbi Eintracht Francfort 17
83%
A Mohammed Amoura VfL Wolfsburg 18
82%
D Aïssa Mandi LOSC Lille 2
80%
G Anthony Mandrea Caen 1
78%
M Hicham Boudaoui OGC Nice 14
78%
M Ramiz Zerrouki FC Twente 6
78%
M Ismaël Bennacer Dinamo Zagreb 10
76%
A Ilan Kebbal Paris FC 24
74%
M Himad Abdelli Angers SCO 8
68%
D Rafik Belghali Hellas Vérone 25
68%
D Jaouen Hadjam BSC YB 13
67%
D Samir Chergui Paris FC 26
67%
D Youcef Atal Al-Sadd SC 20
65%
D Zineddine Belaïd JS Kabylie 5
63%
M Adem Zorgane Union Saint-Gilloise 19
60%
D Mohamed Tougaï ES Tunis 4
56%
G Oussama Benbot USM Alger 16
56%
A Monsef Bakrar Dinamo Zagreb 12
52%
D Mehdi Dorval SSC Bari 3
46%
A Redouane Berkane Al-Wakrah SC 28
43%
Aucun quiz correspondant
Distribution des résultats
% des personnes avec chaque résultat
Percentile par nombre de réponses
Votre historique - résultats
Vous n’avez pas pris ce quiz